00624nam a22002057a 450000500170000001000130001702000220003003500130005203700160006504000120008108200190009310000210011224500910013326000470022427000450027130000250031650000410034165000150038265000210039720170124110018.0 aA-896145 c00.00a8175100206 aA-896145 aCen Lib/Ret aDPLbEN a338.47677bMOH aMohan Kumar,P.S. aCotton textile industry :cby Mohan Kumarbcomparative analysis of different sectors / aNew DelhibReliance publishing housec1997 bNew Delhia3026/7H, Ranjit nagare110008 axix, 239p.c19cm(Hb) aIncludes bibliographical references  aEconomics  aTextile industry